000
00290nam a22001337a 4500
008
170331b xxu||||| |||| 00| 0 eng d
020
_a
9780023102417
041
_a
eng
080
_a
616-053.2
100
_a
8
101
_a
shm
245
_a
THE YOUNG CHILD
_c
BLACK, J.K
942
_2
udc
_c
BK
999
_c
9194
_d
9194